000 00369 a2200157 4500
001 75650
020 _a8573113561 (broch.).
040 _cAnchieta - Colégio São Paulo
100 _aAlves, Maria Helena Hees.
240 1 0 _aA casa que andava
_l
245 1 0 _aA casa que andava
300 _a229.
362 0 _a1996
650 4 _aLiteratura infantil
942 _cBK
999 _c75650
_d75650